00394nam a2200157Ia 4500001000500000005001700005008004100022041000800063082001300071100003400084245008000118260000900198300001300207650000800220654000800228125720260306140619.0260306t1993||||xx |||||||||||||| ||spa|| aESP a190bC78 aCoreth, Emerich SJ (Ed.)eAUT 0aFilosofía cristiana:ben el pensamiento católico de los siglos XIX Y XX c1993 ac24 cm. aGEN aCHU